Quizzes
Events
Quiz Creation
Community
Videos
Private Events
Remove Ads
Sign In
Join for FREE
Feedback
Dark Mode
Quiz Categories
Sports
Geography
Music
Movies
Television
Just For Fun
Miscellaneous
History
Literature
Language
Science
Gaming
Entertainment
Religion
Holiday
For Kids
Quiz Lab
Recent
Popular Today
Quiz Kudos Today
Editor Picks
Curator Picks
Quizzes by...
Day
Popularity
Type
Ratings
Length
Year
Community
Subscriptions
Recent Discussions
Orange Saloon
Badges
Playlists
Quests
Create
Leaderboards
Showdown
Live 5
Trivia Bingo
Activity
Puzzle Library
Sporcle Events
Private Events
Virtual Trivia
Globe League
Become a Host
Pub Owners
SporcleCon
Opinionation
Our Games
Videos
Blog
Mobile Apps
Partnerships
Remove Ads and Go Orange
Feedback
Geography
Country
Landmarks
City
State
Population
World
Capital
Continent
Flags
Europe
Africa
Asia
South America
North America
Oceania
Border
Canada
United Kingdom
Topography
United States
Geography
Country
Landmarks
City
State
Population
World
Capital
Continent
Flags
Europe
Africa
Asia
South America
North America
Oceania
Border
Canada
United Kingdom
Topography
United States
Random Quiz
Search Sporcle
×
Quiz Lab
Quiz Lab
Geography
Capital
Type in answers that appear in a list
Type in answers that appear in a list
Classic
Best Score? Go Orange.
Capitals of All Territories Stats
Can you name the capitals of all overseas territories?
By
NvjdsIsSmart
8m
72 Questions
1,399 Plays
1,399 Plays
1,399 Plays
Comments
Comments
Give Quiz Kudos
Give Quiz Kudos
-
- Ratings
hide this ad
Forced Order
Answers have to be entered in order
Answers have to be entered in order
Random Order
Randomize order of answers
Randomize order of answers
Replay
Link that replays current quiz
Next Quiz
Link to next quiz in quiz playlist
You Got
0%
They Got
Avg Score
59%
Avg Friend Score
Upgrade to see
Score Distribution
Jump to the score distribution portion of the page
Score
0/72
Timer
08:00
0
Plays Today
Name
Answer
% Correct
Greenland
Nuuk
78.5%
Hong Kong
Hong Kong
78.3%
Puerto Rico
San Juan
77.1%
Gibraltar
Gibraltar
76.9%
Macau
Macau
74.1%
French Guiana
Cayenne
73.6%
Bermuda
Hamilton
72.6%
Falkland Islands
Stanley
72.6%
American Samoa
Pago Pago
72%
Isle of Man
Douglas
70.6%
French Polynesia
Papeete
69%
Northern Cyprus
Nicosia
68.9%
Faroe Islands
Torshavn
68.7%
Aruba
Oranjestad
68.7%
Saint Pierre and Miquelon
Saint-Pierre
68.1%
New Caledonia
Noumea
67.1%
Montserrat
Plymouth
66.9%
US Virgin Islands
Charlotte Amalie
66.8%
British Virgin Islands
Road Town
66.5%
Turks and Caicos Islands
Cockburn Town
66.3%
Curacao
Willemstad
65.9%
Tibet
Lhasa
65.9%
Anguilla
The Valley
65.8%
Christmas Island
The Settlement
65.8%
Pitcairn Islands
Adamstown
65.5%
Northern Mariana Islands
Saipan
65.3%
Reunion
Saint-Denis
64.8%
Jersey
Saint Helier
64.8%
Guadeloupe
Basse-Terre
64.8%
Cayman Islands
George Town
64.7%
Guam
Hagatna
64.3%
Palestinian Territories
Jerusalem
64%
Saint Helena
Jamestown
62.6%
Svalbard
Longyearbyen
61.9%
Niue
Alofi
61.6%
Netherlands Antilles
Willemstad
61.4%
Name
Answer
% Correct
Norfolk Island
Kingston
61.3%
British Indian Ocean Territory
Diego Garcia
61.3%
Guernsey
Saint Peter Port
61.3%
Tristan da Cunha
Edinburgh of the Seven Seas
61%
Wallis and Futuna
Mata-Utu
60.8%
Cocos (Keeling) Islands
West Island
60.5%
South Georgia and the South Sandwich Islands
King Edward Point(Grytviken)
60%
Cook Islands
Avarua
59.8%
Saint Martin
Marigot
59.1%
Mayotte
Mamoudzou
57.8%
Easter Island
Hanga Roa
57.5%
Saint Barthelemy
Gustavia
57%
Sint Maarten
Philipsburg
57%
Aland Islands
Mariehamn
55.3%
Tokelau
none
54.8%
Clipperton Island
none
54.3%
Ascension Island
Georgetown
54.2%
Canary Islands
Santa Cruz de Tenerife
52.5%
Madeira
Funchal
52.5%
Martinique
Fort of France
52.4%
Transnistria
Tiraspol
51.1%
Western Sahara
none
50.3%
Herm
none
50.3%
The Azores
Ponta Delgada
47.2%
Akrotiri and Dhekelia
Episkopi Cantonment
46%
Alderney
St. Anne
45.3%
Somaliland
Hargeisa
45.2%
French Southern and Antarctic Lands
Port-aux-Francais
45%
British Antarctic Territory
Rothera
43.2%
Abkhazia
Sukhumi
42.7%
Nagorno-
Karabakh
Stepanakert
41%
South Ossetia
Tskhinvali
39.6%
Sark
La Seigneurie
35.1%
Gagauzia
Comrat
32.7%
Adjara
Batumi
32.2%
Anjouan
Mutsamudu
30.2%
Quiz Playlist
Details
Report
Send in Message
Add To Playlist
Classic:
Type in answers that appear in a list
Forced Order:
Answers have to be entered in order
Random Order:
Randomize order of answers
Last Updated: Feb 16, 2017
Quiz Scoreboard
CHALLENGE
Sign Up to Join the Scoreboard
Show All
Scores
Hide
Comments
May contain spoilers
Recently Published
Decade Duel: World Leaders
by jenniferyan
History
4m
Alphabetical 'K' Countries by Flag Minefield
by ylime102
Geography
3m
Pick 6: Fruits
by JohnFran
Miscellaneous
15s
More to Explore
Quiz From the Vault
Featured Blog Post
15 Basketball Trivia Facts You Can Be March Mad About
hide this ad
You Might Also Like...
Tags
Capital Quiz
Oversea
Owned
Territory
Today's Top Quizzes in Geography
Browse Geography
hide this ad
Today's Top Quizzes in Capital
Browse Capital
Top Contributed Quizzes in Geography
1
Countries of the World - No Outlines Minefield
2
Pick 6: Mountains
3
Least Populated Answer: 'G' Countries
4
Alphabetical 'L' Countries By Flag Minefield
5
Lietuvos savivaldybės (Lithuanian Municipalities)
6
Alphabetical 'M' Countries By Flag Minefield
7
Pick 6: National Parks
8
Pick 6: US States
9
Blind Ultimate Minefield: Europe
10
'A' Countries In Alphabetical Order by Flag
Explore More
Trending Topics
NBA
Crossword
Anime
Disney
Marvel
Kpop
Harry Potter
Song
WWE
The Office
Soccer
Puzzle
NFL
Pokémon
Country
hide this ad
More By:
NvjdsIsSmart
Quiz
Plays
Rating
Category
Featured
Created
Most Populous States Minefield
658,170
4.26
Geography
Jul 1, 2011
Country by Continent/Beginning Letter
277,509
4.74
Geography
Feb 23, 2011
24 Largest Countries Alphabetically
241,682
3.14
Geography
Aug 19, 2011
Most Populous Country A-Z Minefield
146,419
3.80
Geography
Aug 17, 2011
Least Populous States Minefield
115,551
4.33
Geography
Jul 7, 2011
Go to Creator's Profile
Score Distribution
Quiz Creator Spotlight
NvjdsIsSmart
Follow
Send a Message
Quizzes Created
-
Created Quiz Play Count
-
More By This Creator
Popular Quizzes Today
1
Countries of Asia Without Outlines Minefield
2
Find the US States - No Outlines Minefield
3
Pick 6: Fruits
4
Alphabetical 'K' Countries by Flag Minefield
5
The Countries of the World
6
Find the Countries of Europe - No Outlines Minefield
7
Find the US States
8
US States
More Geography Quizzes
Where's Waldo? U.S. States
Editor's Pick
Trending Quizzes
Pick 6: Mountains
Pick 6: Harry Potter
Pick 6: Flags
Pick 6: NFL Teams
Pick 6: Movie Franchises
Recently Updated
Adaptations: Name the Title
pecheneg
NWSL Teams
pecheneg
Women's Final Four Teams by Year
bhenderson79
Presidents Quartet II
eogle
Anything But Clue(do)
eogle
Anything But Oceanian Capitals
eogle
Anything But 7
eogle
Anything But Thing
eogle
Word Ladder: February 29
pecheneg
Song Title Questions
pecheneg
Trending Topics
Disney
Harry Potter
Crossword
Kpop
Anime
NBA
Marvel
NFL
Pokémon
Song
WWE
The Office
Puzzle
Country
Soccer
Your Account Isn't Verified!
In order to create a playlist on Sporcle, you need to verify the email address you used during registration. Go to your
Sporcle Settings
to finish the process.
Report this User
Report this user for behavior that violates our
Community Guidelines
.
Details:
Send Report
Go to the Sporcle.com Mobile Site →
Comments